108 câu hỏi-đáp luật hôn nhân và gia đình năm 2000

সংরক্ষণ করুন:
গ্রন্থ-পঞ্জীর বিবরন
প্রধান লেখক: Trần Đông Phong
বিন্যাস: গ্রন্থ
ভাষা:Undetermined
প্রকাশিত: Cà Mau Nxb. Mũi Cà Mau 2000
বিষয়গুলি:
ট্যাগগুলো: ট্যাগ যুক্ত করুন
কোনো ট্যাগ নেই, প্রথমজন হিসাবে ট্যাগ করুন!
Thư viện lưu trữ: Trung tâm Học liệu Trường Đại học Cần Thơ
LEADER 00630nam a2200193Ia 4500
001 CTU_40276
008 210402s9999 xx 000 0 und d
020 |b 20.000đ 
082 |a 346.01 
082 |b Ph431 
100 |a Trần Đông Phong 
245 0 |a 108 câu hỏi-đáp luật hôn nhân và gia đình năm 2000 
245 0 |c Trần Đông Phong, Hồ Thị Nệ 
260 |a Cà Mau 
260 |b Nxb. Mũi Cà Mau 
260 |c 2000 
650 |a civil law ( vietnamese law ),domestic relations,marriage law 
904 |i Minh, 010223 
980 |a Trung tâm Học liệu Trường Đại học Cần Thơ